000
00253nam a2200097Ia 4500
001
679977
005
20250826161332.0
008
250824s9999 xx 000 0 und d
245
0
_a
ANDERSAN MASALLARI
_c
HANS CRISTIAN ANDERSAN
260
_b
KARATAY GENÇLİK
999
_c
679977
_d
679977